[Event "CAN-ch U12"]
[Site "Ottawa"]
[Date "2013.07.10"]
[Round "1"]
[White "Chen, Richard"]
[Black "Xie, Patrick"]
[Result "1-0"]
[WhiteElo "1916"]
[BlackElo "1032"]
[PlyCount "35"]
[EventDate "2013.07.10"]
[EventType "swiss"]
[EventRounds "6"]
[EventCountry "CAN"]
[SourceTitle "EXT 2022"]
[Source "ChessBase"]
[SourceDate "2021.10.06"]
[SourceVersion "1"]
[SourceVersionDate "2021.10.06"]
[SourceQuality "1"]

1. e4 e5 2. Nf3 d6 3. d4 exd4 4. Nxd4 Be7 5. Nc3 Nf6 6. Bc4 0-0 7. 0-0 Be6 8. Bxe6 c5 9. Bxf7+ Kxf7 10. Nf5 Nc6 11. Bg5 Ne5 12. Bxf6 gxf6 13. Qh5+ Ke6 14. Nd5 Ng6 15. Qh3 Kd7 16. Nfxe7+ Ke8 17. Nxg6 hxg6 18. Qe6+ 1-0